000 00307 a2200133 4500
005 20250704062316.0
020 _a978-0-099-599444-9
082 _a813.54 SLA
100 _aSLAUGHTER,Karin
245 _aPretty Girls
260 _aNew York
_bArrow Books
_c2015
300 _a533p.;ill
_c20cm.
942 _2ddc
_cBKS
999 _c6588
_d6588